00460nam a2200133 a 450000100100000000500170001000800410002704000250006810000220009324500650011526000560018030000200023650000700025600003635920200930075704.0120113s1948 dr 000 0 spa d aDO-SdBNPbspacBNPHU1 aGurvitch, Georges10aMorale théorique et science des meurs /cGeorges Gurvitch. aFrancia :bPresses Universitaires de France,c1948. a204 p. ;c21cm. aPerteneció a la biblioteca personal de Isidro Jimenes Grullón